The Lemon Juice Diet (Record no. 41205)

MARC details
000 -LEADER
fixed length control field 00386nam a2200145Ia 4500
008 - FIXED-LENGTH DATA ELEMENTS--GENERAL INFORMATION
fixed length control field 240719s9999 xx 000 0 und d
041 ## - LANGUAGE CODE
Language code of text/sound track or separate title eng
082 ## - DEWEY DECIMAL CLASSIFICATION NUMBER
Classification number 613.2 CHE
100 ## - MAIN ENTRY--PERSONAL NAME
Personal name Cheung Theresa
245 ## - TITLE STATEMENT
Title The Lemon Juice Diet
260 ## - PUBLICATION, DISTRIBUTION, ETC.
Place of publication, distribution, etc. New York
Name of publisher, distributor, etc. St. Martin's Griffin
Date of publication, distribution, etc. 2009
300 ## - PHYSICAL DESCRIPTION
Extent 210.;P 20 Cm
365 ## - TRADE PRICE
Currency code
Price amount 14.99
520 ## - SUMMARY, ETC.
Summary, etc. Gifted By : IMT Faculty Dr.senthil kumar
Holdings
Withdrawn status Lost status Damaged status Not for loan Home library Current library Shelving location Date acquired Full call number Barcode Date last seen Price effective from Koha item type Public note
        IMTN IMTN Rack 19-B 08/05/2023 613.2 CHE 32900 07/19/2024 07/19/2024 Books Gifted
Designed & Maintained by: LRC IMT Nagpur Contact: lrc@imtnag.ac.in© 2024. All Rights Reserved.